Estampas de buenos aires /
Guardado en:
| Autor Principal: | |
|---|---|
| Formato: | Libro |
| Publicado: |
Buenos Aires :
Sudamericana,
1946
|
| Etiquetas: |
Agregar Etiqueta
Sin Etiquetas, Sea el primero en etiquetar este registro!
|
| LEADER | 00408nam a22001455a 4500 | ||
|---|---|---|---|
| 001 | CEM.cems004557 | ||
| 005 | 20060216000000.0 | ||
| 008 | 130507s1946##################000#0#####d | ||
| 003 | CEMS | ||
| 082 | 0 | 4 | |a A863.4 |
| 100 | 1 | |a Mujica Láinez, Manuel | |
| 245 | 1 | 0 | |a Estampas de buenos aires / |
| 260 | |a Buenos Aires : |b Sudamericana, |c 1946 | ||
| 300 | |a 151 p.1 | ||
| 859 | |a CEMS |b BIB. CEMS - 11 de abril |h A863.4 |i M897 |p 8585.80 |t Ej.1 | ||
